Manual de normas UNE sobre dibujo.
| Main Author: | |
|---|---|
| Format: | Section = Libro |
| Language: | Undetermined Spanish |
| Published: |
Madrid, España
IRANOR
1977
|
| Subjects: |
| LEADER | 00644nam a2200217Ia 4500 | ||
|---|---|---|---|
| 008 | 240829s9999 xx 000 0 und d | ||
| 020 | |a 84-00-03570-4 | ||
| 040 | |a BIBLIOTECA-RUSB/ 604.2 I59 | ||
| 041 | |a spa | ||
| 082 | |a 604.2 I59 | ||
| 100 | 1 | |a Nicaragua. Instituto Nacional de Racionalización y Normalización (IRANOR) | |
| 245 | 1 | 0 | |a Manual de normas UNE sobre dibujo. |
| 260 | |a Madrid, España |b IRANOR |c 1977 | ||
| 300 | |a 214 p. :il. | ||
| 650 | 7 | |a DIBUJO TECNICO | |
| 650 | 7 | |b PERSPECTIVAS CABALLERA-AXONOMETRICAS | |
| 650 | 7 | |c DIBUJO INDUSTRIAL | |
| 650 | 7 | |d SIGNOS CONVENCIONALES | |
| 942 | |c BK |2 ddc | ||
| 991 | |a TEXTO | ||
| 999 | |c 2631 | ||